000 00784cam a22002412a 4500
001 011960
003 AR-FADEU
008 311216n2000####xxu####################dd
020 _a950-9859-54-0
092 _a982.078 272 2
_bG338-2
100 _aGentile, María Beatriz
245 _aHistorias de sangre locura y amor : Neuquén (1900-1950)
250 _a2a. ed
260 _aGeneral Roca
260 _bPubliFadecs
260 _bFacultad de Derecho y Ciencias Sociales. Universidad Nacional del Comahue
260 _c2000
300 _a261 p. : il
500 _aIncluye capítulos: Matar o morir. Los cuerpos del delito. Cargos públicos, negocios privados
700 _aCarlos Gabriel, Rafart
650 _aNEUQUEN-HISTORIA; NEUQUEN-DELITOS-HISTORIA
942 _cBDGR
999 _c17733
_d17733